Sports Quiz

Random Sports or NFL Quiz

NFL TD Leaders by Team Quiz Stats

 Plays Quiz Updated Jan 13, 2021

Support Sporcle.
Go Orange.
Score 0/32 Timer 07:00
5 Plays Today
Team Player % Correct
Dallas CowboysEmmitt Smith
90.9%
Denver BroncosRod Smith
89.9%
San Francisco 49ersJerry Rice
88.8%
Detroit LionsBarry Sanders
81%
Cincinnati BengalsPete Johnson
80.5%
Los Angeles ChargersLaDainian Tomlinson
80%
Cleveland BrownsJim Brown
78%
Houston TexansArian Foster
78%
Indianapolis ColtsMarvin Harrison
77.9%
Chicago BearsWalter Payton
77.3%
Las Vegas RaidersTim Brown
77.3%
Pittsburgh SteelersFranco Harris
74.2%
Los Angeles RamsMarshall Faulk
72.5%
Carolina PanthersSteve Smith
72.4%
Seattle SeahawksShaun Alexander
69.8%
Baltimore RavensJamal Lewis
63.6%
Team Player % Correct
Kansas City ChiefsPriest Holmes
62.9%
Jacksonville JaguarsMaurice Jones-Drew
62.5%
Buffalo BillsAndre Reed/Thurman Thomas
62.4%
Minnesota VikingsCris Carter
61.1%
Tennessee TitansEddie George
59%
Washington Football TeamCharley Taylor
58.5%
Arizona CardinalsLarry Fitzgerald
58.4%
New Orleans SaintsMarques Colston
41.4%
New York GiantsFrank Gifford
40.2%
Tampa Bay BuccaneersMike Alstott
33.2%
Miami DolphinsMark Clayton
26.4%
Atlanta FalconsRoddy White
17%
Green Bay PackersDon Hutson
12.7%
Philadelphia EaglesHarold Carmichael
10.9%
New England PatriotsRob Gronkowski
10.9%
New York JetsDon Maynard
9.4%

From the Vault

Remove Ads.
Support Sporcle.
Get the best of Sporcle when you Go Orange. This ad-free experience offers more features, more stats, and more fun while also helping to support Sporcle. Thank you for becoming a member.

Show Comments

Extras

Top Quizzes Today


Score Distribution

Your Account Isn't Verified!

In order to create a playlist on Sporcle, you need to verify the email address you used during registration. Go to your Sporcle Settings to finish the process.

Report this User

Report this user for behavior that violates our Community Guidelines.

Details: